Stagnácia na pomerne nízkej úrovni zvýšiť úroveň ekonomického vzdelávania a výskumu
Úroveň ekonomického, technického a prírodovedného vzdelávania v tranzitívnych krajinách. Vplyv transformácie na ekonomickú výučbu. Ťažiskové problémy slovenského ekonomického vzdelávania. Zahraničné krytie zdrojov a poskytovanie pomoci pri rozvoji ekonomického vzdelávania v transformujúcich sa kraji...
Gespeichert in:
| 1. Verfasser: | |
|---|---|
| Format: | Buchkapitel |
| Sprache: | Slowakisch |
| Schlagworte: | |
| Tags: |
Keine Tags, Fügen Sie das erste Tag hinzu!
|
MARC
| LEADER | 00000naa a2200000 4500 | ||
|---|---|---|---|
| 001 | r036342 | ||
| 005 | 20230824101833.9 | ||
| 041 | 0 | |a slo | |
| 044 | |a SK | ||
| 245 | 1 | 0 | |a Stagnácia na pomerne nízkej úrovni |b zvýšiť úroveň ekonomického vzdelávania a výskumu |c Jozef Mihalik |
| 520 | |a Úroveň ekonomického, technického a prírodovedného vzdelávania v tranzitívnych krajinách. Vplyv transformácie na ekonomickú výučbu. Ťažiskové problémy slovenského ekonomického vzdelávania. Zahraničné krytie zdrojov a poskytovanie pomoci pri rozvoji ekonomického vzdelávania v transformujúcich sa krajinách. | ||
| 610 | 2 | 0 | |a vzdelávanie |
| 610 | 2 | 0 | |a školy vysoké |
| 610 | 2 | 0 | |a ekonómia |
| 610 | 2 | 0 | |a výskum |
| 610 | 2 | 0 | |a SVE |
| 610 | 2 | 0 | |a Slovensko |
| 610 | 2 | 0 | |a transformácia |
| 610 | 2 | 0 | |a univerzity |
| 610 | 2 | 0 | |a zdroje finančné cudzie |
| 100 | 1 | |a Mihalik, Jozef | |